<?xml version="1.0" encoding="UTF-8"?>
<record
    xmlns:xsi="http://www.w3.org/2001/XMLSchema-instance"
    xsi:schemaLocation="http://www.loc.gov/MARC21/slim http://www.loc.gov/standards/marcxml/schema/MARC21slim.xsd"
    xmlns="http://www.loc.gov/MARC21/slim">

  <leader>00675nam a2200253 a 4500</leader>
  <controlfield tag="001">nice12345678</controlfield>
  <controlfield tag="003">IN_TiNIC</controlfield>
  <controlfield tag="005">20260116014958.0</controlfield>
  <controlfield tag="008">070416s2200    chaa   grg    000 0 0en  </controlfield>
  <datafield tag="020" ind1=" " ind2=" ">
    <subfield code="a"></subfield>
    <subfield code="c">1500</subfield>
  </datafield>
  <datafield tag="082" ind1="0" ind2="0">
    <subfield code="a">297.4</subfield>
    <subfield code="b">KUG</subfield>
  </datafield>
  <datafield tag="100" ind1=" " ind2=" ">
    <subfield code="a">Kugle, Scott</subfield>
  </datafield>
  <datafield tag="245" ind1=" " ind2=" ">
    <subfield code="a">Sufis and Saints`bodies</subfield>
    <subfield code="b"> Mysticism, Corporeality, and Sacred Power in Islam</subfield>
  </datafield>
  <datafield tag="250" ind1=" " ind2=" ">
    <subfield code="a">70th ed. </subfield>
  </datafield>
  <datafield tag="260" ind1=" " ind2=" ">
    <subfield code="a">Chapel Hill </subfield>
    <subfield code="b">University of North Carolina Press </subfield>
    <subfield code="c">2200</subfield>
  </datafield>
  <datafield tag="300" ind1=" " ind2=" ">
    <subfield code="a">345p</subfield>
  </datafield>
  <datafield tag="500" ind1=" " ind2=" ">
    <subfield code="a">includes index and biblioraphy</subfield>
  </datafield>
  <datafield tag="505" ind1="2" ind2=" ">
    <subfield code="a">notes,, biblio, index</subfield>
  </datafield>
  <datafield tag="650" ind1=" " ind2=" ">
    <subfield code="a">Sufism</subfield>
  </datafield>
  <datafield tag="700" ind1="1" ind2=" ">
    <subfield code="a">Kugle, Scott</subfield>
  </datafield>
  <datafield tag="902" ind1=" " ind2=" ">
    <subfield code="b">SRS</subfield>
  </datafield>
  <datafield tag="942" ind1=" " ind2=" ">
    <subfield code="c">BK</subfield>
  </datafield>
  <datafield tag="952" ind1=" " ind2=" ">
    <subfield code="0">0</subfield>
    <subfield code="1">0</subfield>
    <subfield code="4">0</subfield>
    <subfield code="7">0</subfield>
    <subfield code="8">StackRoom-</subfield>
    <subfield code="a">HMI</subfield>
    <subfield code="b">HMI</subfield>
    <subfield code="d">2007-09-19</subfield>
    <subfield code="g">1500.00</subfield>
    <subfield code="l">1</subfield>
    <subfield code="o">297.4  KUG</subfield>
    <subfield code="p">11002015</subfield>
    <subfield code="r">2017-10-10</subfield>
    <subfield code="s">2017-09-27</subfield>
    <subfield code="v">1500.00</subfield>
    <subfield code="w">2007-04-16</subfield>
    <subfield code="y">BK</subfield>
  </datafield>
  <datafield tag="999" ind1=" " ind2=" ">
    <subfield code="c">17811</subfield>
    <subfield code="d">17811</subfield>
  </datafield>
</record>
